000 nam a22 7a 4500
999 _c9479
_d9479
008 180201b ||||| |||| 00| 0 eng d
100 _aJain, S
_95674
245 _aTogether with Mathematics -III
260 _aNew Delhi
_bRachna Publication
_c2007